Administración / James A. F. Stoner (Registro nro. 1402)

Detalles MARC
000 -LEADER
fixed length control field 00510nam a22002051a 4500
001 - CONTROL NUMBER
control field 1402
003 - CONTROL NUMBER IDENTIFIER
control field OSt
005 - DATE AND TIME OF LATEST TRANSACTION
control field 20260204211733.0
008 - FIXED-LENGTH DATA ELEMENTS--GENERAL INFORMATION
fixed length control field 040119s1998||||mx ||||||b||||||||||spa||
020 ## - NUMERO DE LIBRO INTERNACIONAL NORMALIZADO
International Standard Book Number 9688806854
050 ## - LIBRARY OF CONGRESS CALL NUMBER
Classification number 658 S887a
082 ## - DEWEY DECIMAL CLASSIFICATION NUMBER
Classification number 658 S887a
100 ## - ASIENTO PRINCIPAL -- NOMBRE PERSONAL
Personal name Stoner, James A. F.
245 ## - TÍTULO PROPIAMENTE DICHO: SUBTÍTULO
Title Administración / James A. F. Stoner
250 ## - MENCIÓN DE EDICIÓN
Edition statement 6
264 ## - PRODUCTION, PUBLICATION, DISTRIBUTION, MANUFACTURE, AND COPYRIGHT NOTICE
Place of production, publication, distribution, manufacture México : Prentice-Hall
650 ## - ASIENTO SECUNDARIO DE MATERIA -- TERMINO TEMÁTICO
Termino Temático Como Elemento de Entrada 1.Administración
700 ## - ASIENTO SECUNDARIO -- NOMBRE PERSONAL
Personal name Freeman R. Edward II.Gibert, Daniel R.Ì
942 ## - ADDED ENTRY ELEMENTS (KOHA)
Source of classification or shelving scheme Dewey Decimal Classification
Koha item type Libros
Existencias
Withdrawn status Lost status Source of classification or shelving scheme Damaged status Not for loan Current library Date acquired Total Checkouts Full call number Barcode Date last seen Price effective from Koha item type
    Dewey Decimal Classification     Biblioteca UTECO 09/09/2019   658 S887A 003146 09/09/2019 09/09/2019 Libros
    Dewey Decimal Classification     Biblioteca UTECO 09/09/2019   658 S887A 003147 09/09/2019 09/09/2019 Libros
    Dewey Decimal Classification Descartado para donación   Biblioteca UTECO 09/09/2019   658 S887A 013555 09/09/2019 09/09/2019 Libros
    Dewey Decimal Classification     Biblioteca UTECO 09/09/2019   658 S887A 013556 09/09/2019 09/09/2019 Libros
    Dewey Decimal Classification     Biblioteca UTECO 09/09/2019   658 S887A 013557 09/09/2019 09/09/2019 Libros
© 2021 Derechos Reservados UTECO - Teléfono: +1 809-585-2291 - Correo electrónico: biblioteca@uteco.edu.do​  
Código postal 43000 ​​
Dirección: Avenida Universitaria No. 100, 
Cotuí, Provincia Sánchez Ramírez, República Dominicana - RNC: 404-00059-6